[Event "Brugse Meesters 2017"]
[Site "Brugge"]
[Date "2017.08.17"]
[Round "9"]
[White "Geirnaert, Steven"]
[Black "Vandenbussche, Thibaut"]
[Result "0-1"]
[WhiteElo "2454"]
[BlackElo "2387"]
[Annotator "TA"]
[PlyCount "100"]
[EventDate "2017.??.??"]
[EventCountry "BEL"]
[SourceTitle "playchess.com"]
[Source "ChessBase"]
[SourceQuality "1"]

{[%evp 18,100,0,4,12,11,15,0,0,-6,0,-6,-6,-7,-4,-4,-7,-55,-43,-37,-43,-35,-44,-93,-105,-110,-112,-119,-117,-119,-119,-139,-129,-135,-122,-128,-137,-135,-133,-135,-123,-136,-125,-187,-177,-247,-247,-246,-246,-240,-239,-246,-239,-206,-196,-277,-287,-717,-717,-717,-717,-710,-710,-710,-609,-710,-710,-687,-671,-710,-699,-710,-710,-629,-570,-633,-497,-1444,-1438,-9102,-10025,-12673,-7856,-11610,-12673]} 1. d4 e6 2. c4 Bb4+ 3. Bd2 a5 4. Nc3 Nf6 5. e4 d6 6. e5 {A40: Unusual replies to 1 d4} dxe5 7. dxe5 Bxc3 8. Bxc3 Qxd1+ 9. Rxd1 Ne4 10. Bd4 {LiveBook: 5 Games} b6 11. Bd3 $146 ({Predecessor:} 11. f4 Bb7 12. Nf3 Nc6 {½-½ (41) L'Ami,A (2392)-Short,N (2664) Bunratty 2015}) 11... Bb7 12. f3 Nc5 13. Bc2 Nc6 14. Bxc5 bxc5 15. Ba4 Ke7 16. Bxc6 $1 Bxc6 17. Kd2 Rad8+ 18. Kc2 Rxd1 19. Kxd1 $15 {[%mdl 4096] Endgame KRB-KRN} Rd8+ 20. Kc2 Rd4 21. Ne2 Rxc4+ 22. Nc3 g5 {[%cal Bg7g5,Bg5g4][%mdl 32]} 23. h3 h5 24. Re1 g4 25. b3 Rd4 26. Ne2 Rb4 27. hxg4 hxg4 28. a3 Rb8 29. fxg4 Rg8 30. Kd3 (30. Kd2 $17) 30... Rxg4 $19 31. Rc1 (31. Nc3 {might work better.}) 31... Bb5+ ({Not} 31... Rxg2 32. Rxc5 Kd7 33. Rxa5 $11) 32. Ke3 {[#]} Bxe2 $1 ({Resist} 32... Rxg2 33. Nc3 $17) 33. Kxe2 Rxg2+ {KR-KR} 34. Kf1 Rb2 35. Rxc5 Rxb3 36. a4 (36. Rxa5 {is the only way for White.} Kd7 37. Ke2) 36... Rd3 37. Rxc7+ $2 (37. Rxa5 Rd5 38. Ra8) 37... Kf8 {Black is clearly winning.} 38. Rc4 Kg7 39. Rg4+ Kh6 40. Ke2 Rd5 41. Re4 Kg5 42. Ke3 Kf5 43. Rf4+ Kxe5 {[#] aiming for ...Rd3+.} 44. Rxf7 Rd4 45. Rh7 Rxa4 46. Rh5+ Kd6 47. Rb5 (47. Rh8 $142 Rg4 48. Rd8+ Kc5 49. Rc8+ Kd5 50. Rd8+ Kc4 51. Ra8) 47... Ra1 48. Kd2 a4 {[%cal Ba5a4,Ba4a3][%mdl 32]} 49. Ra5 a3 50. Kc2 e5 {Precision: White = 36%, Black = 96%.} 0-1

[Event "Brugse Meesters 2017"]
[Site "Brugge"]
[Date "2017.08.17"]
[Round "9"]
[White "Beerdsen, Thomas"]
[Black "Hill, Alistair"]
[Result "1-0"]
[WhiteElo "2447"]
[BlackElo "2192"]
[Annotator "TA"]
[PlyCount "59"]
[EventDate "2017.??.??"]
[EventCountry "BEL"]
[SourceTitle "playchess.com"]
[Source "ChessBase"]
[SourceQuality "1"]

{[%evp 30,58,78,70,109,123,195,204,513,479,449,338,337,314,685,587,1366,1369,1356,1356,1316,1293,5422,5414,1822,5389,5389,1877,2139,2084,29999]} 1. e4 c5 2. Nf3 Nc6 3. d4 cxd4 4. Nxd4 Nf6 5. Nc3 e5 6. Ndb5 d6 7. Bg5 a6 8. Na3 b5 9. Bxf6 gxf6 10. Nd5 f5 11. Bxb5 axb5 12. Nxb5 Ra4 13. Nbc7+ Kd7 14. O-O Rg8 {B33: Sicilian: Pelikan and Sveshnikov Variations} 15. c4 (15. g3 Qh4 16. c4 f4 17. Qb3 Rb4 18. Qa3 Ra4 19. Qxa4 fxg3 {½-½ (19) Li,C (2669)-Yu,Y (2672) Hefei 2011}) 15... Qg5 16. g3 {LiveBook: 3 Games} Rxc4 {White is slightly better.} 17. Na8 $1 {[%cal Bc7a8,Ba8b6,Bb6c4][%mdl 32] Hoping for Nab6+.} fxe4 $146 (17... Nd4 $16) ({Predecessor:} 17... Ba6 18. Nab6+ Kd8 19. Nxc4 Bxc4 20. Qa4 Bxd5 21. exd5 {0-1 (28) Moniszka,K-Waschk,A (2205) Koszalin 1996}) 18. Nab6+ $18 Kd8 $2 (18... Ke6 {is a better chance.}) 19. Nxc4 Nd4 20. f4 exf3 {White must now prevent ...Ne2+.} 21. Qa4 Ne2+ $2 {[#]} (21... Bb7 22. Ncb6 Qg4) 22. Kf2 $1 (22. Kh1 {[#] gets mated.} Nxg3+ $1 {[%mdl 512]} 23. hxg3 Qh5+ 24. Kg1 Rxg3+ 25. Kf2 Qh2+ 26. Ke3 Qe2#) 22... Nxg3 23. Qa5+ ({But not} 23. hxg3 $2 Qxg3+ 24. Ke3 Qg5+ 25. Kd3 e4+ 26. Kc2 (26. Kxe4 Bf5+ 27. Kd4 Bg7+ 28. Ne5 Bxe5+ 29. Kc4 Qh4+ 30. Kb3 Bc2+ 31. Kxc2 Qxa4+ 32. Kc1 Rg2 33. Rf2 Rxf2 34. b3 Qd4 35. Nc3 Qxc3+ 36. Kd1 Qxa1#) 26... Qxd5 $19) 23... Ke8 24. Qb5+ Kd8 25. Qb6+ Kd7 26. Qc7+ Ke6 27. Qxc8+ Kxd5 28. Rad1+ Ke4 29. Qb7+ Kf4 30. Qxf3# {Precision: White = 100%, Black = 17%.} 1-0

[Event "Brugse Meesters 2017"]
[Site "Brugge"]
[Date "2017.08.17"]
[Round "9"]
[White "Lai, Hing Ting"]
[Black "Czebe, Attila"]
[Result "1-0"]
[WhiteElo "2388"]
[BlackElo "2465"]
[Annotator "TA"]
[PlyCount "55"]
[EventDate "2017.??.??"]
[EventCountry "BEL"]
[SourceTitle "playchess.com"]
[Source "ChessBase"]
[SourceQuality "1"]

{[%evp 9,55,22,58,52,57,14,76,0,28,-7,33,45,46,15,9,0,9,4,0,0,-11,-16,-3,-61,-42,-43,6,13,54,39,64,79,216,218,224,222,380,355,348,363,494,458,665,245,512,504,1857,1743]} 1. d4 g6 2. Nf3 Bg7 3. g3 b6 (3... d5 4. Bg2 Nf6 5. O-O c6 6. b3 O-O 7. Bb2 Ne4 8. c4 Bf5 9. Nc3 Nxc3 10. Bxc3 Be4 11. e3 Nd7 12. Qe2 Nf6 13. Rfc1 Qd6 14. Bb2 a5 15. Ne5 Bxg2 16. Kxg2 a4 17. Nd3 {½-½ (102) Carlsen,M (2853)-Nakamura,H (2787) chess.com INT 2016}) 4. e4 {[%cal Be2e4,Be4e5][%mdl 32]} Bb7 5. Bd3 $146 ({Predecessor:} 5. Nc3 e6 6. Bg2 Ne7 7. O-O O-O 8. Re1 d6 9. Be3 h6 10. Qd2 Kh7 11. Rad1 Nd7 {1-0 (23) Nguyen,X (1673)-Huynh Thi Hong,S (1896) Hanoi 2012}) 5... Nf6 6. e5 {A40: Unusual replies to 1 d4} Ng4 7. Qe2 O-O (7... c5 $11 {keeps the balance.}) 8. Be4 (8. h3 $16 Nh6 9. Bf4) 8... Nc6 (8... d5 $5 {[%cal Rd5e4]} 9. exd6 Bc6 $16) 9. h3 f5 (9... d5 $5 {[%cal Rd5e4]} 10. exd6 exd6 $14) 10. Bxc6 $1 Bxc6 11. c4 ({But not} 11. hxg4 fxg4 12. Qc4+ e6 $17) 11... Bb7 12. d5 Nh6 13. Nc3 c6 14. Bf4 cxd5 15. cxd5 Nf7 16. Qe3 ({White should play} 16. Rd1 $11) 16... b5 $15 {Threatens to win with ...b4.} 17. a3 a5 {Hoping for ...b4.} 18. Rd1 $1 b4 19. Na4 $1 Rc8 20. O-O {And now e6 would win.} bxa3 {[#]} (20... d6 $16 {might work better.}) 21. e6 $1 $18 dxe6 22. dxe6 Qe8 $2 (22... Nd6) 23. exf7+ Rxf7 24. Nb6 Rc2 25. Ng5 {[%cal Bf3g5,Bg5e6,Be6d8][%mdl 32]} Qc6 (25... Rxb2 $142 26. Nxf7 Kxf7) 26. Nd5 $2 (26. Rd8+ Rf8 {[#]} 27. Nd5 $1 {[%mdl 512]} Qxd5 28. Rxd5 Bxd5 29. Qxe7 Rxb2 30. Qxa3) 26... e6 $2 (26... Rc5) 27. Nxe6 Rd7 {[#]} (27... axb2 $142 28. Nd8 Qc5) 28. Nd8 $1 {[%mdl 512] Precision: White = 55%, Black = 13%.} 1-0

[Event "Brugse Meesters 2017"]
[Site "Brugge"]
[Date "2017.08.17"]
[Round "9"]
[White "Gonzales, Jayson"]
[Black "De Boer, Eelke"]
[Result "0-1"]
[WhiteElo "2378"]
[BlackElo "2190"]
[Annotator "TA"]
[PlyCount "130"]
[EventDate "2017.??.??"]
[EventCountry "BEL"]
[SourceTitle "playchess.com"]
[Source "ChessBase"]
[SourceQuality "1"]

{[%evp 19,130,8,12,-8,0,0,13,-6,-13,-25,-16,-31,0,0,30,0,0,0,0,0,-2,-8,46,0,45,31,29,-7,1,-23,-20,-29,-8,-2,0,-193,-165,-221,-206,-216,-222,-213,-208,-220,-215,-204,-200,-202,-204,-204,-193,-193,-175,-186,-183,-195,-31,-45,-8,-128,-93,-170,-169,-231,-231,-302,-325,-316,-313,-445,-423,-504,-490,-435,-283,-268,-251,-277,-270,-347,-335,-350,-341,-340,-345,-320,-336,-365,-320,-382,-370,-390,-372,-339,-308,-523,-516,-470,-469,-696,-687,-684,-677,-908,-904,-865,-809,-1035,-1018,-29986,-29987,-29987,-29987]} 1. e4 c5 2. Nc3 d6 3. f4 g6 4. Nf3 Bg7 5. Bb5+ Bd7 6. Bc4 {B23: Closed Sicilian: Lines without g3} (6. Bxd7+ Qxd7 7. O-O Nc6 8. d3 e6 9. f5 Nge7 10. fxe6 fxe6 11. Ng5 Ne5 12. Nb5 Qxb5 13. Nxe6 Kd7 14. Nxg7 h5 15. a4 Qb6 16. a5 Qb5 {1-0 (28) Nisipeanu,L (2654)-So,W (2778) Dortmund 2015}) 6... Nc6 7. O-O Na5 8. Be2 Nf6 9. d3 O-O 10. Qe1 Nc6 {LiveBook: 20 Games} 11. Qh4 Nd4 12. Bd1 e6 13. Kh1 {[#]} Ne8 $146 ({Predecessor:} 13... Bc6) 14. Qf2 f5 15. exf5 Rxf5 16. Ne4 b6 17. c3 (17. Nh4 {is more complex.} Rf8 18. c3 d5 19. Ng5 Bf6 20. Qe1) 17... Nxf3 18. Bxf3 d5 19. Ng5 h6 20. Nh3 Bc6 ({Black should play} 20... Nd6 $11) 21. Qe2 Qd6 22. Bd2 Nc7 23. Bg4 Rff8 24. Ng1 h5 $36 {[%mdl 2048] Black has good play.} 25. Bh3 d4 26. c4 Bh6 {[%cal Rh6f4]} 27. f5 $2 (27. Nf3 $1 $11 {and White is okay.}) 27... Bxd2 $19 28. Qxd2 (28. fxg6 {keeps fighting.} Be3 29. Qxh5) 28... exf5 29. Qh6 {White wants to play Rxf5!} Qf6 30. Rae1 Qg7 31. Qg5 Rae8 32. Nf3 Bxf3 33. gxf3 Ne6 34. Qg3 g5 35. Qd6 Qf7 {aiming for ...Nf4.} 36. Re5 Ng7 37. f4 gxf4 $2 ({Better is} 37... Rxe5 $19 38. Qxe5 Re8) 38. Rxe8 Rxe8 39. Qxf4 (39. Bg2 $1 $11) 39... Re3 40. Bg2 {[#]} (40. Bxf5 $17 Nxf5 41. Qg5+ Kh7 42. Rxf5) 40... Kh7 $1 ({But not} 40... Rxd3 $2 41. Bd5 $18) 41. Bd5 {[#]} (41. Rg1 $142) 41... Qe7 $1 42. Qf2 Rxd3 43. Rg1 Re3 ({Less strong is} 43... Qf6 44. Qf4 $17) 44. Qg2 (44. a3 $142) 44... Qf6 45. Qd2 f4 {[%cal Bf5f4,Bf4f3][%mdl 32]} 46. Rf1 f3 47. Qf2 Re2 48. Qg3 Qe5 {Strongly threatening ...Qxg3.} 49. Qxe5 Rxe5 50. Bxf3 {[%mdl 4096] Endgame KRB-KRN} Kg6 51. Kg2 Nf5 {Threatens to win with ...Ne3+.} 52. Kf2 Ne3 53. Rc1 Kf6 54. b3 Ng4+ 55. Kg2 Kg5 56. h3 Ne3+ 57. Kg3 $2 (57. Kf2 {is the only way for White.}) 57... h4+ 58. Kf2 Kf4 59. a3 (59. Rg1 $142 a6 60. Rg6) 59... Rg5 60. Bc6 Rg3 61. Rh1 d3 62. Ke1 Ke5 63. Kd2 Kd4 64. a4 Rg6 65. Re1 Rf6 {Precision: White = 27%, Black = 64%.} 0-1

[Event "Brugse Meesters 2017"]
[Site "Brugge"]
[Date "2017.08.17"]
[Round "9"]
[White "Carstensen, Jacob"]
[Black "Gray, Mark S"]
[Result "1/2-1/2"]
[WhiteElo "2353"]
[BlackElo "2103"]
[Annotator "TA"]
[PlyCount "145"]
[EventDate "2017.??.??"]
[EventCountry "BEL"]
[SourceTitle "playchess.com"]
[Source "ChessBase"]
[SourceQuality "1"]

{[%evp 24,145,33,24,20,14,23,20,20,20,20,25,29,40,55,29,36,0,0,0,0,0,148,-108,-91,-134,64,64,-22,-194,-241,-237,-229,-240,-179,-184,-160,-229,-244,-239,-253,-239,-231,-237,-233,-254,-236,-233,-213,-222,-171,-182,0,-18,94,-94,-82,-90,-83,-104,45,45,45,45,45,45,45,45,45,51,52,16,53,7,7,7,7,7,7,7,11,23,68,7,7,7,7,7,7,7,7,7,7,7,7,7,7,0,7,0,7,7,7,7,14,0,0,0,0,0,0,0,0,0,0,0,0,0,0,0,0,0,0,0]} 1. d4 d5 2. c4 e6 3. Nf3 Nf6 4. g3 Be7 5. Bg2 O-O 6. O-O Nbd7 7. Qc2 c6 8. Nbd2 b6 9. e4 Ba6 10. e5 {E09: Closed Catalan: Main Line: 7 Qc2 c6 8 Nbd2} (10. b3 Rc8 11. Bb2 c5 12. exd5 exd5 13. Rfd1 Re8 14. Nf1 dxc4 15. d5 cxb3 16. axb3 Bb5 17. Ne3 a5 18. Bh3 h6 19. Nc4 Bf8 20. Nfe5 Nxe5 21. Nxe5 Rc7 {1-0 (50) Gupta,A (2607)-Ahlander,B (2416) Reykjavik 2017}) 10... Ne8 11. Re1 Rc8 12. cxd5 cxd5 13. Qa4 {LiveBook: 3 Games} Nb8 14. Nf1 b5 15. Qd1 $146 ({Predecessor:} 15. Qb3 Nc6 16. Bd2 Na5 17. Bxa5 Qxa5 {1-0 (56) Goslawski,M (2044)-Kaczmarek,M (2032) Wroclaw 2010}) 15... b4 16. h4 Nc6 17. Bg5 Bxg5 18. hxg5 Qb6 19. Ne3 Nc7 20. Qd2 Na5 $1 21. b3 Nb5 22. Ng4 $1 Nc6 (22... Kh8 $11) 23. Rad1 $2 {[%mdl 8192]} (23. Nf6+ $1 $16 {is necessary to keep the advantage.} gxf6 24. gxf6) 23... Nc3 $17 24. Rc1 {[#]} Ne2+ $1 {[%mdl 512]} 25. Rxe2 $14 Bxe2 26. Rxc6 $2 (26. Nf6+ $1 $11 gxf6 27. gxf6) 26... Qxc6 $19 (26... Rxc6 27. Nf6+ $1 {[%mdl 512]} Kh8 28. Nd7 $17) 27. Qxe2 Qc2 28. Qa6 Qb1+ 29. Kh2 Rc2 30. Qa5 (30. Qxa7 $17 {might work better.} Rxa2 31. Qe7) 30... Qxa2 31. Qxb4 Rfc8 32. g6 hxg6 33. Qe7 R2c3 $1 ({Weaker is} 33... Qxb3 34. Qh4 $11) 34. Qh4 {[#]} Rxf3 $1 {[%mdl 512]} 35. Bxf3 Qxb3 36. Kg2 Qc2 37. Ne3 Qb3 $2 (37... Qc6 $1 $19 38. Qe7 a5) 38. Qe7 {Black should prevent Nxd5!} a5 {[#]} (38... Qa4 $11 {keeps the balance.}) 39. Qd7 $2 {[#]} (39. Nxd5 $1 $16 {[%mdl 512]} Qb5 (39... exd5 40. e6) 40. Ne3) 39... Qb8 $1 $17 40. Nxd5 exd5 {[%mdl 4096] Endgame KQR-KQB} 41. e6 {[#]} fxe6 (41... Qc7 $1 $17 {[%cal Rc7d7]} 42. exf7+ Kf8 43. Qxd5 Rd8) 42. Qxe6+ $14 Kf8 $1 43. Bxd5 {[%csl Gd5][%cal Re6f7]} Qc7 44. Qg8+ Ke7 45. Qxg7+ Kd8 $1 46. Qg8+ ({Don't play} 46. Qxg6 $6 Qe7 $18) 46... Ke7 47. Qxg6 Qd6 48. Qg5+ Qf6 $132 {[%mdl 2048] Black is fighting back} 49. Qe3+ Kd6 50. Bf3 {Black must now prevent Qa3+.} Rf8 {Hoping for ...Qxf3+!} 51. Qa3+ Kd7 {Threatens to win with ...Qxf3+!} 52. Bg4+ Ke8 $1 53. Qa4+ ({White should play} 53. Qe3+ $1 $14 Kf7 54. d5) 53... Kf7 $11 {The position is equal.} 54. Qxa5 Qxd4 55. Qf5+ Kg8 56. Qg6+ Qg7 57. Be6+ Kh8 58. Qh5+ Qh7 59. Qd5 Qg6 60. Qd4+ Qg7 61. Qe3 Qf6 {aiming for ...Re8.} 62. Bd5 Rd8 63. Be4 Re8 64. Qf3 (64. Qa7 {feels hotter.} Re7 65. Qa8+ Kg7 66. Bd5 Re2 67. Qa7+) 64... Qxf3+ 65. Kxf3 {KR-KB} Kg7 66. Ke3 Kf6 67. Kf4 Rf8 68. g4 Rg8 69. Bf5 Rg7 70. Kg3 Rg5 71. Be4 Ra5 72. Kh4 Ke5 73. Bf5 {Precision: White = 49%, Black = 68%.} 1/2-1/2

[Event "Brugse Meesters 2017"]
[Site "Brugge"]
[Date "2017.08.17"]
[Round "9"]
[White "Carstensen, Jacob"]
[Black "Gray, Mark S"]
[Result "*"]
[WhiteElo "2353"]
[BlackElo "2103"]
[Annotator "TA"]
[PlyCount "34"]
[EventDate "2017.??.??"]
[EventCountry "BEL"]
[SourceTitle "playchess.com"]
[Source "ChessBase"]
[SourceQuality "1"]

{[%evp 21,22,14,23]} 1. d4 d5 2. c4 e6 3. Nf3 Nf6 4. g3 Be7 5. Bg2 O-O 6. O-O Nbd7 7. Qc2 c6 8. Nbd2 b6 9. e4 Ba6 10. e5 {E09: Closed Catalan: Main Line: 7 Qc2 c6 8 Nbd2} Ne8 11. Re1 Rc8 {LiveBook: 23 Games} {Predecessor:} 12. b3 $146 c5 13. Bb2 Nc7 14. Rad1 b5 15. dxc5 Bxc5 16. cxd5 Nxd5 17. Qb1 Bb4 {1-0 (54) Shirov,A (2739)-Azarov,S (2586) Kemer 2007} *

[Event "Brugse Meesters 2017"]
[Site "Brugge"]
[Date "2017.08.17"]
[Round "9"]
[White "Pel, Bonno"]
[Black "Epishin, Vladimir"]
[Result "0-1"]
[WhiteElo "2255"]
[BlackElo "2541"]
[Annotator "TA"]
[PlyCount "66"]
[EventDate "2017.??.??"]
[EventCountry "BEL"]
[SourceTitle "playchess.com"]
[Source "ChessBase"]
[SourceQuality "1"]

{[%evp 12,66,22,-3,15,-1,12,9,20,-13,-13,-13,-24,-16,-8,-27,6,-24,-2,0,0,-49,-16,-30,-41,-31,-31,-41,-26,-39,-35,-25,-14,-50,-32,-62,-33,-62,-43,-35,-34,-106,-108,-186,-194,-181,-197,-260,-254,-345,-336,-334,-295,-476,-476,-939,-913]} 1. Nc3 d5 2. e4 dxe4 3. Nxe4 Bf5 4. Ng3 Bg6 5. Nf3 Nd7 6. Bc4 {A00: Irregular Openings} (6. d4 e6 7. Bc4 Ngf6 8. O-O Bd6 9. Qe2 O-O 10. Ne5 Nb6 11. Bb3 a5 12. a4 c6 13. h4 Qc7 14. Bg5 Nbd5 {½-½ (43) Zlatanovic,B (2402)-Atalik,S (2549) Kraljevo 2014}) 6... e6 7. d3 {LiveBook: 11 Games} Bd6 8. Qe2 {The position is equal.} Ne7 $146 (8... Ngf6 {is more complex.} 9. O-O c6 10. Nh4 Qc7 11. d4 O-O) ({Predecessor:} 8... Ngf6 9. Bg5 h6 10. Bd2 Qe7 11. a3 Nb6 12. Bb3 O-O {0-1 (60) Teuschler,A (2072)-Schachinger,M (2314) Graz 2008}) 9. Ne4 O-O 10. Nxd6 cxd6 {[%cal Bc7d6,Bd6d5][%mdl 32]} 11. Nh4 d5 12. Bb3 a5 13. a3 Nc5 {Threatens to win with ...Bxd3!} 14. Nxg6 hxg6 15. Ba2 $1 Nf5 16. Be3 Qb6 17. O-O Nxe3 18. Qxe3 Rfc8 19. Rab1 Qd6 20. d4 Nd7 $36 {[%mdl 2048] Black is pushing.} 21. Qd3 Qc6 (21... b5 $5) 22. Rbc1 b5 23. Rfe1 Nf6 24. Re3 Rc7 25. Bb1 Qb6 26. Rh3 (26. Qd1 $15) 26... b4 $17 27. Rd1 {[#]} (27. a4 $17) 27... a4 $1 $19 28. axb4 Qxb4 29. Qg3 (29. b3 $142) 29... Rac8 30. Qh4 {[%csl Gh3][%cal Rh4h8]} Kf8 31. Qh8+ {[#]} Ng8 $1 32. c3 $2 (32. Rf3 {might work better.} Qxb2 33. Qh3) 32... Qxb2 33. Bxg6 (33. Qh4 $142 a3 34. Qg3) 33... fxg6 {Precision: White = 32%, Black = 56%.} 0-1

[Event "Brugse Meesters 2017"]
[Site "Brugge"]
[Date "2017.08.17"]
[Round "9"]
[White "Ratsma, Rosa"]
[Black "Mullink, Jochem"]
[Result "1-0"]
[WhiteElo "2253"]
[BlackElo "2002"]
[Annotator "TA"]
[PlyCount "91"]
[EventDate "2017.??.??"]
[EventCountry "BEL"]
[SourceTitle "playchess.com"]
[Source "ChessBase"]
[SourceQuality "1"]

{[%evp 13,91,24,51,30,29,0,3,-19,-18,-9,73,69,94,96,81,86,222,204,150,129,127,111,119,73,70,71,93,92,160,161,156,122,141,131,130,142,161,106,121,89,162,121,151,151,123,67,178,181,170,184,193,187,171,175,206,200,190,182,177,131,205,193,221,112,191,193,273,274,263,173,276,179,218,169,616,579,506,485,29990,29991]} 1. e4 c5 2. Nf3 d6 3. d4 cxd4 4. Nxd4 Nf6 5. Nc3 a6 6. Qf3 Qb6 {B90: Sicilian Najdorf: Unusual White 6th moves, 6 Be3 Ng4 and 6 Be3 e5} 7. Nb3 e6 {LiveBook: 10 Games} (7... Nbd7 8. h3 Qc7 9. a4 b6 10. e5 Bb7 11. exd6 Qb8 12. Qd3 e5 13. Bg5 Bxd6 14. O-O-O {1-0 (36) Bauer,C (2630)-Bogner,S (2603) Maastricht 2017}) 8. Bg5 Nbd7 {White has an edge.} 9. O-O-O $146 ({Predecessor:} 9. Rb1 Be7 10. Be2 O-O 11. Qg3 Rd8 12. Rd1 a5 13. O-O Ne5 14. Be3 Qc7 15. f4 Nc4 16. Nb5 Qc5 17. Bxc5 {1-0 (17) Wassilieff,H-Batres Bianchi,L CiF corr 2001}) 9... Qc7 10. Qe3 h6 11. Bxf6 gxf6 (11... Nxf6 $11 12. Qg3 b5) 12. Kb1 $16 Rg8 13. f4 Nc5 14. f5 b5 (14... Bd7 $16) 15. fxe6 $18 fxe6 16. Be2 Rg5 17. Bf3 Bd7 18. Qf4 {h4 is the strong threat.} O-O-O 19. h4 Re5 20. Nxc5 Qxc5 ({Better is} 20... Rxc5 21. Qxf6 Kb8) 21. Qxf6 $16 {Strongly threatening Ne2.} Bc6 22. Qg6 Kb8 {[#]} 23. Ne2 $1 {aiming for Nf4.} Rc8 {With the idea ...Qxc2+!} 24. Nd4 Bd7 25. Qf7 (25. Bg4 $18) 25... Qc7 26. Rd2 Qd8 (26... b4 $16) 27. Re1 Qxh4 28. Qxd7 Qxe1+ 29. Rd1 Qh4 ({Black should play} 29... Qa5 $1 $14) 30. Nc6+ $18 ({Don't take} 30. Nxe6 $6 Qe7 $14) 30... Rxc6 31. Qxc6 Qe7 32. Qxa6 Qb7 33. Qa5 Be7 34. Qd2 h5 35. g3 Rg5 36. Qh2 Qb6 (36... b4 $16 37. Qh3 Re5) 37. Bxh5 Qe3 38. Qe2 (38. Be2 $18) 38... Qxg3 (38... Qxe2 $16 39. Bxe2 b4) 39. Be8 Qe5 (39... Qg4 $142 40. Bxb5 Kc7) 40. a4 bxa4 41. Bxa4 Qa5 (41... Bf6 $142 42. c3 Rg7) 42. Bb3 Re5 43. Qg2 Kc7 $2 (43... Bd8 44. Qg6 Qa6) 44. Qg7 Kd7 {[#]} 45. Ba4+ $1 {[%mdl 512]} Kd8 {[#]} (45... Qxa4 $18 46. Qxe5 Qc4) 46. Rxd6+ $1 {[%mdl 512] Precision: White = 66%, Black = 29%.} 1-0

[Event "Brugse Meesters 2017"]
[Site "Brugge"]
[Date "2017.08.17"]
[Round "9"]
[White "Frayna, Janelle Mae"]
[Black "Dgebuadze, Alexandre"]
[Result "*"]
[WhiteElo "2248"]
[BlackElo "2515"]
[Annotator "TA"]
[PlyCount "32"]
[EventDate "2017.??.??"]
[EventCountry "BEL"]
[SourceTitle "playchess.com"]
[Source "ChessBase"]
[SourceQuality "1"]

{[%evp 11,12,24,29]} 1. c4 e6 2. g3 d5 3. Bg2 g6 4. Nf3 Bg7 5. O-O Ne7 6. d4 O-O {LiveBook: 111 Games} {Predecessor:} 7. Qc2 $146 Nbc6 8. Rd1 b6 9. e3 Bb7 10. b3 Nb4 11. Qe2 c5 12. Bb2 dxc4 13. bxc4 cxd4 14. exd4 Nf5 15. d5 exd5 16. Bxg7 Nxg7 {½-½ (40) Giri,A (2752)-Kasimdzhanov,R (2700) Rosmalen 2014} *

[Event "Brugse Meesters 2017"]
[Site "Brugge"]
[Date "2017.08.17"]
[Round "9"]
[White "Frayna, Janelle Mae"]
[Black "Dgebuadze, Alexandre"]
[Result "1/2-1/2"]
[WhiteElo "2248"]
[BlackElo "2515"]
[Annotator "TA"]
[PlyCount "66"]
[EventDate "2017.??.??"]
[EventCountry "BEL"]
[SourceTitle "playchess.com"]
[Source "ChessBase"]
[SourceQuality "1"]

{[%evp 18,66,39,33,34,20,15,20,46,39,103,118,107,113,101,97,102,106,109,104,163,159,180,189,187,168,208,195,206,207,210,165,249,239,465,325,369,382,374,376,436,212,547,537,499,404,403,368,352,317,320]} 1. c4 e6 2. g3 d5 3. Bg2 g6 4. Nf3 Bg7 5. O-O Ne7 6. d4 O-O 7. Nc3 Nbc6 8. e3 b6 {A13: English Opening: 1...e6} 9. cxd5 exd5 10. b3 {LiveBook: 9 Games} Re8 {White is slightly better.} 11. Ba3 (11. Qd2 Bb7 12. Bb2 Nf5 13. Rfc1 Nce7 14. a4 a5 15. Ba3 c6 16. Rab1 {0-1 (40) Kovalenko,I (2626)-Malakhov,V (2717) Riga 2014}) 11... a5 12. Qd2 h6 $146 ({Predecessor:} 12... Nf5 13. Rac1 Bb7 14. Rfd1 Nd6 15. Ne1 Ne4 16. Nxe4 dxe4 {1-0 (63) Weyrich,M (2355)-Nogly,C (2255) Germany 1992}) 13. Rfc1 Ba6 (13... Nb4 $14) 14. Nxd5 $16 Nxd5 15. Rxc6 Bb7 16. Rcc1 Nf6 17. Rd1 a4 18. b4 Ra7 (18... Ne4 $16 19. Qd3 Nd6) 19. Rac1 $18 Be4 20. Ne5 {[%cal Bf3e5,Be5c6,Bc6a7,Ba7b5,Bb5c7][%mdl 32]} Bxg2 21. Kxg2 Ne4 22. Qc2 Ng5 {With the idea ...Qd5+.} 23. f3 Qc8 24. g4 f6 (24... Bxe5 $142 25. dxe5 h5) 25. Nc6 (25. Nxg6 Rxe3 26. Rd3 Qe8 $16) 25... Rxe3 $2 (25... Ra8 26. h4 Nf7) 26. Nxa7 Qe8 {Threatens to win with ...Re2+.} 27. Qc4+ Kh7 {[#]} 28. Rf1 $1 Rxa3 29. h4 (29. Nb5 $142 Re3 30. Nxc7) 29... Ne6 $2 (29... Nxf3 30. Rxf3 Qe4) 30. d5 Nf8 31. Nb5 Re3 32. Nxc7 Qe5 33. Rc2 f5 {[%mdl 32768] Precision: White = 77%, Black = 31%. . An unexpected result.} 1/2-1/2